Terminator 2: Judgement Day Characters - Statistics

General Stats
  • This quiz has been taken 29 times
  • The average score is 5 of 13
Answer Stats
Hint Character % Correct
Human Protagonist Sarah Connor
100%
Human Protagonist's Brother John Connor
96%
Cyborg Protagonist The Terminator
96%
Main Antagonist T-1000
92%
Criminal Psychiatrist Dr Peter Silberman
38%
Inventor of the Microprocessor Miles Dyson
29%
Inventor's Wife Tarissa Dyson
21%
Abusive Hospital Orderly Douglas
0%
Mexican Mercenary Enrique Salceda
0%
Foster Mother Janelle Voight
0%
Bartender Lloyd
0%
Brother's Mulleted Friend Tim Cookey
0%
Foster Father Todd Voight
0%
No matching quizzes found
Score Distribution
Percent of People with Each Score
Percentile by Number Answered
Your Score History
You have not taken this quiz